01069nam0a22002411 4500001001500000005001700015035002600032100004100058101000800099102000700107105001800114200028900132210004700421215002800468300005900496300008900555517005700644700003900701801001800740801002200758801002700780852002000807v19\rc\129985720250618024235.0 a(NLR Aleph) 004454371 a20060306d1866 |||y0rusy50 ca0 arus aRU aa z |||||1 aПреждевременное истощение человека, зависящее от болезней половых органов и мочевых путей у мужчины и женщиныeВ 5 ч.fСоч. Ем. Жозана, д-ра мед. Париж. фак... aМоскваcтип. В. Готьеd1866 a[6], 660 с.cил.d20 aС. 659-660 ошибочно помечены: 561-562 aНа шмуцтит. загл.: Болезни мочеполовых органов0 aБолезни мочеполовых органов 1aЖозанbЭ.f1817-gЭмиль 0aRUbNLRgpsbo 0aRUbRuMoRGB2psbo 1aRUbProSoft-M2rusmarc aNLRj18.55.6.15